000 00520nam a2200169Ia 4500
008 151213s9999 xx 000 0 und d
020 _a471448966
100 _aDonald E. Kieso , Jarry J. Weygandt & D. Warfild
245 _aInternational Accounting
_cDonald E. Kieso , Jarry J. Weygandt & D. Warfild
250 _a11th
260 _aU.S.A
_bJohn Wiley & Sons
_c2004
300 _a5437 p.
650 _aAccounting
650 _aAccounting
700 _aDonald E. Kieso , Jarry J. Weygandt & D. Warfild
999 _c3282
_d3282